| 000 | 00479nam a2200181Ia 4500 | ||
|---|---|---|---|
| 008 | 240925s9999 xx 000 0 und d | ||
| 020 | _a9788131724255 | ||
| 082 | _a658.4030 TUR | ||
| 100 | _aEfraim , Turban | ||
| 245 | 0 | _aDecision Support Business Intelligence System | |
| 250 | _a1st | ||
| 260 |
_aNew Jersey: _bPrintice- Hall Int. _c,2007. |
||
| 300 |
_a155p. _bNA _fOriginal |
||
| 500 | _aIncludes Index | ||
| 600 | _aManagement | ||
| 650 | _aManagement | ||
| 942 | _cBK | ||
| 999 |
_c13151 _d13151 |
||